[Event "Hannover Bezirk-ch B"]
[Site "Lehrte"]
[Date "2017.10.30"]
[Round "5.8"]
[White "Kotter, Hans"]
[Black "Busch, Hans Hinrich"]
[Result "0-1"]
[WhiteElo "1656"]
[BlackElo "1602"]
[PlyCount "52"]
[EventDate "2017.10.28"]
[EventType "swiss"]
[EventRounds "7"]
[EventCountry "GER"]
[SourceTitle "EXT 2022"]
[Source "ChessBase"]
[SourceDate "2021.10.06"]
[SourceVersion "1"]
[SourceVersionDate "2021.10.06"]
[SourceQuality "1"]

1. e4 c5 2. Nf3 e6 3. d3 Nc6 4. g3 d5 5. Nbd2 g6 6. Bg2 Bg7 7. 0-0 Nge7 8. Re1 0-0 9. Nf1 Qc7 10. Qe2 d4 11. Bf4 e5 12. Bd2 b5 13. c3 Bg4 14. h3 Bxf3 15. Bxf3 dxc3 16. bxc3 Rfd8 17. Be3 Na5 18. Red1 Rd6 19. c4 b4 20. Nd2 Rad8 21. Nb3 Nxb3 22. axb3 f5 23. Bg2 h6 24. f4 exf4 25. Bxf4 Bxa1 26. Bxd6 Bd4+ 0-1

[Event "Hannover Bezirk-ch B"]
[Site "Lehrte"]
[Date "2017.10.29"]
[Round "4.7"]
[White "Bulmahn, Aaron Aime"]
[Black "Kotter, Hans"]
[Result "1/2-1/2"]
[WhiteElo "1645"]
[BlackElo "1656"]
[PlyCount "35"]
[EventDate "2017.10.28"]
[EventType "swiss"]
[EventRounds "7"]
[EventCountry "GER"]
[SourceTitle "EXT 2022"]
[Source "ChessBase"]
[SourceDate "2021.10.06"]
[SourceVersion "1"]
[SourceVersionDate "2021.10.06"]
[SourceQuality "1"]

1. e4 Nf6 2. d3 d5 3. e5 Nfd7 4. d4 e6 5. Nf3 Be7 6. c3 c5 7. Be2 Nc6 8. Be3 0-0 9. 0-0 cxd4 10. cxd4 f6 11. exf6 Bxf6 12. Bb5 Qb6 13. Bxc6 Qxc6 14. Nbd2 b6 15. Rc1 Qd6 16. Qc2 Ba6 17. Rfe1 Rac8 18. Qa4 1/2-1/2